000 00503pam a2200157a 44500
008 230515b1996 xxu||||| |||| 00| 0 eng d
020 _a0-340-66226-3
041 _aENGL
082 _a300.72 NAC.
100 _a"NACHMIAS C. F.,NACHMIAS DAVID.,"
245 _aRESEARCH METHODS IN THE SOCIAL SCIENCES
250 _a5
260 _aLONDON
_bARNOLD PUBLISHING
_c1996
300 _aNULL
650 _a"RESEARCH METHODOLOGY,EMPIRICAL RESEARCH,DESIGN & STRUCTURE OF RESEARCH,DATA COLLECTION,DATA PROCESSING"
999 _c535107
_d535107